एक और आसमान / (Record no. 113596)

MARC details
000 -LEADER
fixed length control field 00964nam a22002537a 4500
005 - DATE AND TIME OF LATEST TRANSACTION
control field 20170124102955.0
010 ## - LIBRARY OF CONGRESS CONTROL NUMBER
LC control number A-710026
020 ## - INTERNATIONAL STANDARD BOOK NUMBER
Terms of availability 80.00
035 ## - SYSTEM CONTROL NUMBER
System control number A-710026
037 ## - SOURCE OF ACQUISITION
Source of stock number/acquisition Cen Lib/Ret
040 ## - CATALOGING SOURCE
Original cataloging agency DPL
Language of cataloging HN
082 ## - DEWEY DECIMAL CLASSIFICATION NUMBER
Classification number 821
Item number नवल
100 ## - MAIN ENTRY--PERSONAL NAME
Personal name नवल बीकानेरी
9 (RLIN) 52970
245 ## - TITLE STATEMENT
Title एक और आसमान /
Statement of responsibility, etc नवल बीकानेरी
246 ## - VARYING FORM OF TITLE
Title proper/short title Ek aur aasman /
Remainder of title by Naval Beekaneri
260 ## - PUBLICATION, DISTRIBUTION, ETC. (IMPRINT)
Place of publication, distribution, etc बीकानेर
Name of publisher, distributor, etc काजल प्रकाशन
Date of publication, distribution, etc 1994
270 ## - ADDRESS
City बीकानेर
Address नवीन कुटीर, रानी बाजार
Postal code 334001
300 ## - PHYSICAL DESCRIPTION
Extent 80पृ.
Dimensions 21सेमी (सजिल्द)
650 ## - SUBJECT ADDED ENTRY--TOPICAL TERM
Topical term or geographic name as entry element हिन्दी -- साहित्य
9 (RLIN) 52971
650 ## - SUBJECT ADDED ENTRY--TOPICAL TERM
Topical term or geographic name as entry element हिन्दी -- काव्य
9 (RLIN) 779
650 ## - SUBJECT ADDED ENTRY--TOPICAL TERM
Topical term or geographic name as entry element Hindi -- literature
9 (RLIN) 52972
650 ## - SUBJECT ADDED ENTRY--TOPICAL TERM
Topical term or geographic name as entry element Hindi - Poetry
9 (RLIN) 52973
942 ## - ADDED ENTRY ELEMENTS (KOHA)
Source of classification or shelving scheme Dewey Decimal Classification
Koha item type Hindi Books
Classification part 821
Call number suffix नवल
Holdings
Withdrawn status Lost status Damaged status Not for loan Home library Current library Date acquired Source of acquisition Cost, normal purchase price Total Checkouts Full call number Barcode Date last seen Copy number Cost, replacement price Price effective from Koha item type
        Central Library Central Library 12/08/2015 Cen Lib/Ret 80.00   821 नवल A-710026 12/08/2015 1 80.00 12/08/2015 Hindi Books

© Delhi Public Library
Hit Counter
free hit counter